| 000 | 00630nam a2200241Ia 4500 | ||
|---|---|---|---|
| 003 | OSt | ||
| 005 | 20220928111214.0 | ||
| 006 | a|||||r|||| 00| 0 | ||
| 007 | ta | ||
| 008 | 220927b |||||||| |||| 00| 0 eng d | ||
| 024 | _a138909 | ||
| 037 | _cTextual | ||
| 040 |
_aSDCL _cSDCL _beng |
||
| 041 |
_2eng _aeng |
||
| 082 | _aR693x2,2, L7 | ||
| 100 |
_aSahajanad _9422537 |
||
| 245 | 0 | _aSamaya Saar. | |
| 260 |
_aMeerut _bMantri Sahajananad Shastramala _c1977 |
||
| 300 |
_a672p. _ccm. |
||
| 490 | _aSahajanand sahstramala. | ||
| 942 |
_hR693x2,2, L7 _cTEXL _2CC |
||
| 999 |
_c738959 _d738959 |
||